Velký rozvrat : lidská přirozenost a rekonstrukce společenského řádu /

Hlavní autor: Fukuyama, Francis, 1952-
Jazyk: Čeština
Vydáno: Praha : Academia, 2006
Vydání: Vyd. 1.
Edice: XXI. století
Témata:
Externí odkaz: Digitalizovaný dokument
Fyzický popis: 375 s. : il. ; 19 cm
Knihy
Uloženo v:
LEADER 02050nam a2200541 a 4500
001 nkc20061699056
003 CZ PrNK
005 20070402135047.0
007 ta
008 061124s2006 xr a f 001 0 cze
015 |a cnb001699056 
020 |a 80-200-1438-1  |q (váz.) 
035 |a (OCoLC)124089304 
040 |a ABA001  |b cze 
041 1 |a cze  |h eng 
072 7 |a 316.4  |x Sociální procesy  |2 Konspekt  |9 18 
080 |a 316.42:004  |2 MRF 
080 |a 316.42  |2 MRF 
080 |a 316.752  |2 MRF 
080 |a 930.85  |2 MRF 
080 |a (048.8)  |2 MRF 
100 1 |a Fukuyama, Francis,  |d 1952-  |7 xx0004051  |4 aut 
245 1 0 |a Velký rozvrat :  |b lidská přirozenost a rekonstrukce společenského řádu /  |c Francis Fukuyama ; [z anglického originálu ... přeložila Alena Faltýsková] 
246 3 0 |a Lidská přirozenost a rekonstrukce společenského řádu 
250 |a Vyd. 1. 
260 |a Praha :  |b Academia,  |c 2006 
300 |a 375 s. :  |b il. ;  |c 19 cm 
490 1 |a XXI. století ;  |v sv. 1 
504 |a Obsahuje bibliografii, bibliografické odkazy a rejstřík 
650 0 7 |a informační společnost  |7 ph114772  |2 czenas 
650 0 7 |a sociální změna  |7 ph125820  |2 czenas 
650 0 7 |a sociální hodnoty  |7 ph290557  |2 czenas 
650 0 7 |a dějiny civilizace  |7 ph137927  |2 czenas 
650 0 9 |a information society  |2 eczenas 
650 0 9 |a social change  |2 eczenas 
650 0 9 |a social values  |2 eczenas 
650 0 9 |a history of civilization  |2 eczenas 
655 7 |a studie  |7 fd133597  |2 czenas 
655 9 |a studies  |2 eczenas 
765 0 |t Great disruption  |9 Česky 
830 0 |a XXI. století  |0 s 
856 4 1 |u http://www.digitalniknihovna.cz/mzk/uuid/uuid:664ffd20-f516-11e2-9923-005056827e52  |y Digitalizovaný dokument  |x NDK 
910 2 |a BOA001  |b 1-1179.467 
990 |a BK 
995 |a 01 
991 |b 200701  |c NOV 
996 6 |b 2610298985  |c 1-1179.467  |l MZK  |r Sklad / do 1 hodiny  |n 9  |p p.v.  |w 000838445  |u 000010  |a 1  |e BOA001  |j MZK50  |s P 
996 7 |b 2610306657  |c 1-1179.467  |l MZK  |r Sklad / do 1 hodiny  |n 41  |p kup  |w 000838445  |u 000020  |a 1  |e BOA001  |j MZK50  |s A